Eurokompas IC štrukturálne fondy pre Slovensko
| Format: | Journal |
|---|---|
| Language: | Slovak Czech |
| PhysicalDescription: | 13 zv. 30 cm |
| Published: |
Bratislava
IC Štrukturálne fondy pre Slovensko
2006-2019
Bratislava Ministerstvo výstavby a regionálneho rozvoja Slovenskej republiky Bratislava Úrad vlády Slovenskej republiky |
| ISSN: | 2453-899X |
| Subjects: |
MARC
| LEADER | 00000cas a2200000 a 4500 | ||
|---|---|---|---|
| 001 | vtls008938009 | ||
| 005 | 20260409090759.0 | ||
| 008 | 160811d20062019xo qr|p o0 b0slo | ||
| 022 | |a 2453-899X | ||
| 035 | |a (SVKBB)vtls000253573 | ||
| 040 | |a SNK |b slo |c SNK |d SVKBB |e AACR2 | ||
| 041 | 0 | |a slo |a cze |b eng | |
| 044 | |a xo |c SK | ||
| 072 | 7 | |a 339.7/.9 |x Svetová ekonomika a medzinárodné financie |2 konspekt | |
| 072 | 7 | |a 332 |x Regionálna ekonómia, regionálna ekonomika |2 konspekt | |
| 080 | |a 339.926 |2 2011 | ||
| 080 | |a 332.055.2 |2 2011 | ||
| 080 | |a 050 |2 2011 | ||
| 080 | |a (051)-027.561 |2 2011 | ||
| 210 | 0 | |a Eurokompas |b (Bratisl.) | |
| 222 | 0 | |a Eurokompas |b (Bratislava) | |
| 245 | 0 | 0 | |a Eurokompas |b IC štrukturálne fondy pre Slovensko |
| 246 | 1 | 3 | |a Ekompas |
| 246 | 1 | 3 | |a €kompas |
| 260 | |a Bratislava |b IC Štrukturálne fondy pre Slovensko |c 2006-2019 | ||
| 260 | 2 | |3 2007-1/2010 |a Bratislava |b Ministerstvo výstavby a regionálneho rozvoja Slovenskej republiky | |
| 260 | 3 | |3 2/2010-2019 |a Bratislava |b Úrad vlády Slovenskej republiky | |
| 300 | |a 13 zv. |c 30 cm | ||
| 310 | |a 4x ročne | ||
| 362 | 0 | |a Č. 3 (2006)-roč. XV, č. 4 (2019) | |
| 500 | |a Podnázov od 1/2007-1/2010 : časopis Ministerstva výstavby a regionálneho rozvoja SR o štrukturálnych fondoch ; 2/2010-2013, časopis Centrálneho koordinačného orgánu na Úrade vlády SR o štrukturálnych fondoch ; od r. 2014, časopis Úradu vlády SR o štrukturálnych fondoch | ||
| 500 | |a Evidenčné číslo: EV 2269/08 | ||
| 500 | |a V názve je použitý znak eura | ||
| 500 | |a V r. 2015 časopis nevydali | ||
| 546 | |a Čiast. text v češ. ; res. angl. | ||
| 650 | 0 | 7 | |a štrukturálne fondy |2 SNKPH |9 4193 |
| 650 | 0 | 7 | |a regionálny rozvoj |2 SNKPH |9 2352 |
| 655 | 7 | |a odborné časopisy |2 SNKPH |9 70505 | |
| 710 | 1 | |a Slovensko |b Úrad vlády |b Sekcia koordinácie fondov EÚ |4 pbl |9 274287 | |
| 916 | |a 2006-2018 | ||
| 999 | |c 9869 |d 11799 | ||
| 952 | |t č. 1-4 |a SNK |b SNK |y PREZ |7 0 |p 17A1432696 |o snkČSB 6205/15/2019 |i snk2020/20609 |8 0 |0 0 |1 0 |4 0 |d 2020-11-18 |l 0 |r 2026-02-21 19:24:14 |w 2026-02-21 | ||
| 952 | |t č. 1-4 |a SNK |b SNK |y PREZ |7 0 |p 17A1522855 |o snkČSB 6205/15/2019 D1 |i snk2024/4752 |8 1 |0 0 |1 0 |4 0 |d 2024-03-20 |l 0 |r 2026-02-21 19:41:18 |w 2026-02-21 | ||
| 952 | |t č. 1-4, neúplné |a SNK |b SNK |y PREZ |7 0 |p 17A1202922 |o snkČSB 6205/9/2012 D1 |i snk2016/21598 |8 0 |z Chýba č. 1 |0 0 |1 0 |4 0 |d 2016-09-16 |l 0 |r 2026-02-21 21:05:07 |w 2026-02-21 | ||
| 952 | |t č. 1-4, neúplné |a SNK |b SNK |y PREZ |7 0 |p 17A1202923 |o snkČSB 6205/10/2013 D1 |i snk2016/21599 |8 0 |z Chýba č. 2 |0 0 |1 0 |4 0 |d 2016-09-16 |l 0 |r 2026-02-21 21:05:07 |w 2026-02-21 | ||
| 952 | |t č. 1-4 |a SNK |b SNK |y PREZ |7 0 |p 17A1202924 |o snkČSB 6205/11/2014 D1 |i snk2016/21600 |8 0 |0 0 |1 0 |4 0 |d 2016-09-16 |l 0 |r 2026-02-21 21:05:08 |w 2026-02-21 | ||
| 952 | |t č. 1-4 |a SNK |b SNK |y PREZ |7 0 |p 17A1202921 |o snkČSB 6205/8/2011 D1 |i snk2016/21597 |8 0 |0 0 |1 0 |4 0 |d 2016-09-16 |l 0 |r 2026-02-21 21:46:54 |w 2026-02-21 | ||
| 952 | |t č. 1-4 |a SNK |b SNK |y PREZ |7 0 |p 17A1202920 |o snkČSB 6205/11/2014 |i snk2016/21561 |8 0 |f 1 |0 0 |1 0 |4 0 |d 2016-09-16 |l 0 |r 2026-02-21 21:47:31 |w 2026-02-21 | ||
| 952 | |t č. 1-4 |a SNK |b SNK |y PREZ |7 0 |p 17A1202294 |o snkČSB 6205/4/2007 |i snk2016/18967 |8 0 |f 1 |0 0 |1 0 |4 0 |d 2016-08-10 |l 0 |r 2026-02-21 21:54:55 |w 2026-02-21 | ||
| 952 | |t č. 1-4 |a SNK |b SNK |y PREZ |7 0 |p 17A1202293 |o snkČSB 6205/5/2008 |i snk2016/18968 |8 0 |f 1 |0 0 |1 0 |4 0 |d 2016-08-10 |l 0 |r 2026-02-21 21:54:55 |w 2026-02-21 | ||
| 952 | |t č. 1-3 |a SNK |b SNK |y PREZ |7 0 |p 17A1202292 |o snkČSB 6205/6/2009 |i snk2016/18973 |8 0 |f 1 |0 0 |1 0 |4 0 |d 2016-08-10 |l 0 |r 2026-02-21 21:54:55 |w 2026-02-21 | ||
| 952 | |t č. 1-4 |a SNK |b SNK |y PREZ |7 0 |p 17A1202291 |o snkČSB 6205/7/2010 |i snk2016/18978 |8 0 |f 1 |0 0 |1 0 |4 0 |d 2016-08-10 |l 0 |r 2026-02-21 21:54:55 |w 2026-02-21 | ||
| 952 | |t č. 1-4 |a SNK |b SNK |y PREZ |7 0 |p 17A1202917 |o snkČSB 6205/8/2011 |i snk2016/21557 |8 0 |f 1 |0 0 |1 0 |4 0 |d 2016-09-16 |l 0 |r 2026-02-21 22:02:51 |w 2026-02-21 | ||
| 952 | |t č. 1-4, neúplné |a SNK |b SNK |y PREZ |7 0 |p 17A1202918 |o snkČSB 6205/9/2012 |i snk2016/21558 |8 0 |z Chýba č. 1 |f 1 |0 0 |1 0 |4 0 |d 2016-09-16 |l 0 |r 2026-02-21 22:02:51 |w 2026-02-21 | ||
| 952 | |t č. 3-4 |a SNK |b SNK |y PREZ |7 0 |p 17A1370107 |o snkČSB 6205/2006 |i snk2019/19454 |8 0 |f 1 |0 0 |1 0 |4 0 |d 2019-07-26 |l 0 |r 2026-02-21 22:21:48 |w 2026-02-21 | ||
| 952 | |t č. 3-4 |a SNK |b SNK |y PREZ |7 0 |p 17A1370106 |o snkČSB 6205/2006 D1 |i snk2019/19455 |8 0 |0 0 |1 0 |4 0 |d 2019-07-26 |l 0 |r 2026-02-21 22:21:48 |w 2026-02-21 | ||
| 952 | |t č. 1-4 |a SNK |b SNK |y PREZ |7 0 |p 17A1370105 |o snkČSB 6205/4/2007 D1 |i snk2019/19457 |8 0 |0 0 |1 0 |4 0 |d 2019-07-26 |l 0 |r 2026-02-21 22:21:48 |w 2026-02-21 | ||
| 952 | |t č. 1-4, neúplné |a SNK |b SNK |y PREZ |7 0 |p 17A1370104 |o snkČSB 6205/5/2008 D1 |i snk2019/19459 |8 0 |z Chýba č. 3-4 |0 0 |1 0 |4 0 |d 2019-07-26 |l 0 |r 2026-02-21 22:21:48 |w 2026-02-21 | ||
| 952 | |t č. 1-4 |a SNK |b SNK |y PREZ |7 0 |p 17A1370102 |o snkČSB 6205/7/2010 D1 |i snk2019/19461 |8 0 |0 0 |1 0 |4 0 |d 2019-07-26 |l 0 |r 2026-02-21 22:21:48 |w 2026-02-21 | ||
| 952 | |t č. 1-4 |a SNK |b SNK |y PREZ |7 0 |p 17A1370101 |o snkČSB 6205/12/2016 |i snk2019/19462 |8 0 |f 1 |0 0 |1 0 |4 0 |d 2019-07-26 |l 0 |r 2026-02-21 22:21:48 |w 2026-02-21 | ||
| 952 | |t č. 1-4 |a SNK |b SNK |y PREZ |7 0 |p 17A1370100 |o snkČSB 6205/13/2017 |i snk2019/19463 |8 0 |f 1 |0 0 |1 0 |4 0 |d 2019-07-26 |l 0 |r 2026-02-21 22:21:49 |w 2026-02-21 | ||
| 952 | |t č. 1-4 |a SNK |b SNK |y PREZ |7 0 |p 17A1370099 |o snkČSB 6205/14/2018 |i snk2019/19464 |8 0 |f 1 |0 0 |1 0 |4 0 |d 2019-07-26 |l 0 |r 2026-02-21 22:21:49 |w 2026-02-21 | ||
| 952 | |t č. 1-4 |a SNK |b SNK |y PREZ |7 0 |p 17A1370098 |o snkČSB 6205/12/2016 D1 |i snk2019/19465 |8 0 |0 0 |1 0 |4 0 |d 2019-07-26 |l 0 |r 2026-02-21 22:21:49 |w 2026-02-21 | ||
| 952 | |t č. 1-4 |a SNK |b SNK |y PREZ |7 0 |p 17A1370097 |o snkČSB 6205/13/2017 D1 |i snk2019/19466 |8 0 |0 0 |1 0 |4 0 |d 2019-07-26 |l 0 |r 2026-02-21 22:21:52 |w 2026-02-21 | ||
| 952 | |t č. 1-4 |a SNK |b SNK |y PREZ |7 0 |p 17A1370096 |o snkČSB 6205/14/2018 D1 |i snk2019/19468 |8 0 |0 0 |1 0 |4 0 |d 2019-07-26 |l 0 |r 2026-02-21 22:21:52 |w 2026-02-21 | ||
| 952 | |t č. 1-4, neúplné |a SNK |b SNK |y PREZ |7 0 |p 17A1202919 |o snkČSB 6205/10/2013 |i snk2016/21560 |8 0 |z Chýba č. 2 |f 1 |0 0 |1 0 |4 0 |d 2016-09-16 |l 0 |r 2026-02-21 22:23:59 |w 2026-02-21 | ||
| 952 | |t č. 1-3, neúplné |a SNK |b SNK |y PREZ |7 0 |p 17A1369868 |o snkČSB 6205/6/2009 D1 |i snk2019/21441 |8 0 |z Chýba č. 1 |0 0 |1 0 |4 0 |d 2019-08-23 |l 0 |r 2026-02-21 22:29:19 |w 2026-02-21 | ||


